Statistics for Major Championship Golf Winners of Last 10 Years

Click here to take the quiz!

General Stats

  • This quiz has been taken 238 times
  • The average score is 27 of 40

Answer Stats

MajorChampion% Correct
2007 PGA ChampionshipTiger Woods
98%
2008 US OpenTiger Woods
98%
2011 US OpenRory McIlroy
90%
2014 PGA ChampionshipRory McIlroy
90%
2014 British OpenRory McIlroy
90%
2012 PGA ChampionshipRory McIlroy
90%
2013 British OpenPhil Mickelson
88%
2010 MastersPhil Mickelson
88%
2007 MastersZach Johnson
87%
2015 British OpenZach Johnson
87%
2016 US OpenDustin Johnson
86%
2015 US OpenJordan Spieth
83%
2015 MastersJordan Spieth
83%
2014 MastersBubba Watson
82%
2012 MastersBubba Watson
82%
2013 MastersAdam Scott
74%
2013 US OpenJustin Rose
68%
2012 British OpenErnie Els
65%
2015 PGA ChampionshipJason Day
63%
2016 MastersDanny Willett
59%
2008 British OpenPadraig Harrington
59%
2008 PGA ChampionshipPadraig Harrington
59%
2007 British OpenPadraig Harrington
59%
2007 US OpenAngel Cabrera
57%
2009 MastersAngel Cabrera
57%
2011 MastersCharl Schwartzel
57%
2014 US OpenMartin Kaymer
57%
2010 PGA ChampionshipMartin Kaymer
57%
2016 British OpenHenrik Stenson
54%
2011 British OpenDarren Clarke
51%
2010 US OpenGraeme McDowell
49%
2010 British OpenLouis Oosthuizen
49%
2008 MastersTrevor Immelman
48%
2013 PGA ChampionshipJason Dufner
46%
2009 British OpenStewart Cink
46%
2012 US OpenWebb Simpson
46%
2011 PGA ChampionshipKeegan Bradley
44%
2016 PGA ChampionshipJimmy Walker
39%
2009 PGA ChampionshipYang Yong-eun
35%
2009 US OpenLucas Glover
31%

Score Distribution

Percentile by Number Answered

Percent of People with Each Score

Your Score History

You have not taken this quiz